La Antártica chilena
Saved in:
| Hovedforfatter: | |
|---|---|
| Format: | Bog |
| Sprog: | spansk |
| Udgivet: |
Santiago
Del Pacífico S. A
1955
|
| Udgivelse: | 3a. ed |
| Fag: | |
| Tags: |
Tilføj Tag
Ingen Tags, Vær først til at tagge denne postø!
|
MARC
| LEADER | 00000cam a2200000 a 4500 | ||
|---|---|---|---|
| 001 | UCC7515 | ||
| 003 | CL-VaPUC | ||
| 008 | 190409e19550000cl |||||||||||||||||spa|d | ||
| 082 | 0 | 4 | |a 918.3 |b PIN |2 21 |
| 100 | 0 | |a Pinochet de la Barra, Oscar |e author |9 602151 | |
| 245 | 1 | 3 | |a La Antártica chilena |
| 250 | |a 3a. ed | ||
| 300 | |a 226 p | ||
| 942 | |c BK | ||
| 945 | |d 20190409 14:28:00 |a dcastane | ||
| 260 | |a Santiago |b Del Pacífico S. A |c 1955 | ||
| 650 | 0 | |a Expediciones científicas |9 265222 | |
| 651 | 0 | |a Antártica chilena |9 328750 | |
| 583 | |a last modification |c 20190409 14:28:00 |k Rodrigo Vera | ||
| 999 | |c 374135 |d 374133 | ||
| 952 | |0 0 |1 0 |3 erb |4 0 |6 918_300000000000000_PIN_1955 |7 0 |8 X |9 492557 |a FDOBUD |b FDOBUD |i 5541891 |o 918.3 PIN 1955 |p 5541891 |r 2019-11-24 |w 2019-11-24 |y BK_X |z Catalogado en:20190409 |k BUD | ||